Guess the 1960s song lyrics #170 - Statistics

General Stats
  • This quiz has been taken 21 times
  • The average score is 111 of 198
Answer Stats
Answer % Correct
A
94%
I
94%
me
89%
Me
89%
you
89%
be
83%
go
83%
love
83%
the
83%
to
83%
and
78%
her
78%
in
78%
my
78%
no
78%
she
78%
it
72%
It
72%
that
72%
we
72%
where
72%
Yeah
72%
yeah
72%
all
67%
baby
67%
for
67%
oh
67%
then
67%
On
61%
on
61%
out
61%
take
61%
there
61%
of
56%
arms
50%
now
50%
Said
50%
said
50%
girl
44%
I'll
44%
never
44%
won't
44%
gotta
39%
long
39%
Louie
39%
louie
39%
make
39%
days
33%
here
33%
let's
33%
Let's
33%
little
33%
nights
33%
see
33%
think
33%
give
28%
tell
28%
home
22%
leave
22%
right
22%
dream
17%
Kingsmen
17%
Okay
17%
sea
17%
waits
17%
ya
17%
above
11%
across
11%
again
11%
alone
11%
fine
11%
hair
11%
moon
11%
sailed
11%
ship
11%
Three
11%
catch
6%
constantly
6%
em
6%
hustle
6%
Jamaica
6%
rose
6%
smell
6%
No matching quizzes found
Score Distribution
Percent of People with Each Score
Percentile by Number Answered
Your Score History
You have not taken this quiz